| 000 | 00659nam a22001815i 4500 | ||
|---|---|---|---|
| 001 | 152010 | ||
| 003 | ES-MaACL | ||
| 005 | 20230906204506.0 | ||
| 008 | 051007s1864 fr | |||||||| ||fre d | ||
| 040 |
_aCAM _bspa _cCAM |
||
| 100 | 1 |
_aBertauld, A. _928423 |
|
| 245 | 1 | 3 |
_aLa liberté civile _b: nouvelle étude critique sur les publicistes contemporains / _cpar A. Bertauld. |
| 250 | _a2e éd. | ||
| 260 |
_aParis : _bLibriarie Académique : _bDidier et Cie., librairies-éditeurs, _c1864 ( _fImp. Simon Raçon et Comp.) |
||
| 300 |
_aVII, 490 p. ; _c18 cm. |
||
| 650 | 4 |
_aLibertades civiles. _9136408 |
|
| 852 |
_aES-MaACL _jG-8038 _z-- Enc. pasta española |
||
| 999 |
_c152010 _d152010 |
||